<?xml version="1.0" encoding="UTF-8"?>
<record
    xmlns:xsi="http://www.w3.org/2001/XMLSchema-instance"
    xsi:schemaLocation="http://www.loc.gov/MARC21/slim http://www.loc.gov/standards/marcxml/schema/MARC21slim.xsd"
    xmlns="http://www.loc.gov/MARC21/slim">

  <leader>00310nam a2200109Ia 4500</leader>
  <datafield tag="999" ind1=" " ind2=" ">
    <subfield code="c">4317</subfield>
    <subfield code="d">4317</subfield>
  </datafield>
  <controlfield tag="003">yeezen</controlfield>
  <controlfield tag="005">20201029121341.0</controlfield>
  <controlfield tag="008">180213s9999||||xx |||||||||||||| ||und||</controlfield>
  <datafield tag="020" ind1=" " ind2=" ">
    <subfield code="c">NT490</subfield>
    <subfield code="a">978-986-94052-6-3</subfield>
  </datafield>
  <datafield tag="100" ind1=" " ind2=" ">
    <subfield code="a">&#x6797;&#x6F54;&#x73CF;</subfield>
  </datafield>
  <datafield tag="245" ind1=" " ind2="0">
    <subfield code="c">&#x6797;&#x6F54;&#x73CF;</subfield>
    <subfield code="a">&#x8D85;&#x64EC;&#x771F;&#xFF01;&#x65B0;&#x591A;&#x76CA;TOEIC&#x6A21;&#x64EC;&#x8A66;&#x984C;600&#x554F;&#xFF0B;&#x5B8C;&#x5168;&#x89E3;&#x6790;</subfield>
  </datafield>
  <datafield tag="250" ind1=" " ind2=" ">
    <subfield code="a">&#x521D;&#x7248;</subfield>
  </datafield>
  <datafield tag="260" ind1=" " ind2=" ">
    <subfield code="c">2017</subfield>
    <subfield code="a">&#x53F0;&#x5317;&#x5E02;</subfield>
  </datafield>
  <datafield tag="942" ind1=" " ind2=" ">
    <subfield code="2">ccl</subfield>
    <subfield code="c">BOOK</subfield>
  </datafield>
  <datafield tag="952" ind1=" " ind2=" ">
    <subfield code="0">0</subfield>
    <subfield code="1">0</subfield>
    <subfield code="4">0</subfield>
    <subfield code="7">0</subfield>
    <subfield code="a">yeezen</subfield>
    <subfield code="b">yeezen</subfield>
    <subfield code="d">2018-02-13</subfield>
    <subfield code="l">4</subfield>
    <subfield code="m">1</subfield>
    <subfield code="o">805.1985</subfield>
    <subfield code="p">C02401</subfield>
    <subfield code="r">2023-09-20 00:00:00</subfield>
    <subfield code="s">2023-09-14</subfield>
    <subfield code="w">2018-02-13</subfield>
    <subfield code="y">BOOK</subfield>
  </datafield>
</record>
